<?xml version="1.0" encoding="UTF-8"?>
<record
    xmlns:xsi="http://www.w3.org/2001/XMLSchema-instance"
    xsi:schemaLocation="http://www.loc.gov/MARC21/slim http://www.loc.gov/standards/marcxml/schema/MARC21slim.xsd"
    xmlns="http://www.loc.gov/MARC21/slim">

  <leader>01518cam a2200133   4500500</leader>
  <controlfield tag="005">20260517001850.0</controlfield>
  <datafield tag="041" ind1=" " ind2=" ">
    <subfield code="a">fre</subfield>
  </datafield>
  <datafield tag="042" ind1=" " ind2=" ">
    <subfield code="a">dc</subfield>
  </datafield>
  <datafield tag="100" ind1="1" ind2="0">
    <subfield code="a">Brixius, Laurent</subfield>
    <subfield code="e">author</subfield>
  </datafield>
  <datafield tag="245" ind1="0" ind2="0">
    <subfield code="a">SketchUp : Pour les architectes d'int&#xE9;rieur et les d&#xE9;corateurs</subfield>
  </datafield>
  <datafield tag="260" ind1=" " ind2=" ">
    <subfield code="b">Dunod,
									</subfield>
    <subfield code="c">2020.
										</subfield>
  </datafield>
  <datafield tag="520" ind1=" " ind2=" ">
    <subfield code="a">Vous ma&#xEE;trisez les bases de SketchUp, acquises gr&#xE2;ce au livre SketchUp Guide Pratique ou lors d&#x2019;une formation&#xA0;? Alors il est temps de d&#xE9;velopper vos comp&#xE9;tences et de booster votre productivit&#xE9; gr&#xE2;ce aux techniques avanc&#xE9;es de ce livre. Ciblant principalement le domaine de l&#x2019;am&#xE9;nagement int&#xE9;rieur et de la d&#xE9;coration, il conviendra &#xE0; tous ceux qui cherchent &#xE0; repr&#xE9;senter leurs id&#xE9;es en 3D, m&#xEA;me les plus folles. Contenu&#xA0;: Mod&#xE9;liser pr&#xE9;cis&#xE9;ment la situation existante et projet&#xE9;e, Installer et utiliser un grand nombre d&#x2019;extensions, dont beaucoup sont gratuites, M&#xE9;thodes de mod&#xE9;lisation avanc&#xE9;es pour r&#xE9;aliser des formes complexes, M&#xE9;thodes de positionnement, d&#x2019;orientation et d&#x2019;espacement d&#x2019;objets dans l&#x2019;espace 3D, Cr&#xE9;ation et application de mati&#xE8;res textur&#xE9;es sur des formes complexes, Repr&#xE9;senter les &#xE9;clairages artificiels, Calculer longueurs, surfaces et volumes puis quantifier et &#xE9;valuer les co&#xFB;ts, Am&#xE9;liorer la qualit&#xE9; de vos documents de mise en page LayOut, Donner du r&#xE9;alisme &#xE0; vos images &#xE0; l&#x2019;aide d&#x2019;une extension de rendu photo-r&#xE9;aliste.</subfield>
  </datafield>
  <datafield tag="856" ind1="4" ind2="1">
    <subfield code="u">https://stm.cairn.info/sketchup--9782100811397?lang=fr&amp;redirect-ssocas=7080</subfield>
  </datafield>
  <datafield tag="999" ind1=" " ind2=" ">
    <subfield code="c">2237622</subfield>
    <subfield code="d">2237622</subfield>
  </datafield>
</record>
